• 首页
  • 本馆介绍
  • 公告通知
  • 最新文献
  • 馆藏检索
  • 电子资源
  • 读者导购
  • 参考咨询
  • 我的图书馆
  • 登录
  • 详细信息显示
  • 放入我的书架
  • 预约/预借图书
  • 作者相关作品
  • 分类相关作品
  • 丛书相关作品
  • 出版社相关作品

书目信息

  • 表格格式
  • 工作单格式
  • 卡片格式
题名:
汉语缩略规范研究
    
 
作者: 俞理明 著
分册:  
出版信息: 成都   四川大学出版社  2021.4
页数: 282页
开本: 24cm
丛书名:
单 册:
中图分类: H136.6
科图分类:
主题词: 现代汉语--xian dai han yu--缩略语--研究
电子资源:
ISBN: 978-7-5690-2875-1
000 01591nam0 2200277 450
001 2161428808
005 20210928130734.0
010    @a978-7-5690-2875-1@dCNY82.00
100    @a20210607d2021 em y0chiy50 ea
101 0  @achi
102    @aCN@b510000
105    @ak az 000yy
106    @ar
200 1  @a汉语缩略规范研究@Ahan yu su lue gui fan yan jiu@f俞理明...[等]著
210    @a成都@c四川大学出版社@d2021.4
215    @a282页@c图@d24cm
300    @a国家语委“十二五”科研规划2015年度重点项目“词语缩略规范研究”
304    @a题名页其他责任者:杨昊, 黄城烟, 王春燕
314    @a俞理明,四川大学文学与新闻学院教授,汉语言文字学和语言学与应用语言学专业博士研究生导师,四川省学术带头人,现任四川省语言学会会长,中国训诂学会理事。王春燕,成都中医药大学讲师。杨昊,四川大学语言学与应用语言学专业博士研究生。黄城烟,四川大学汉语言文字学专业博士研究生。
320    @a有书目(第212-213页)
330    @a本书为语言学领域学术著作,分上下两编,分别是“汉语规范简论”“汉语缩略及其规范”。上编就汉语规范的一些基本认识问题作了探讨,分别是语言的特点、语用的需求、语言内部的差异、汉语规范中的社会群体关系、语言的任意性与语言规范、规范的含义及指定、语言规范的推行。下编从缩略的基本性质和它的特点入手,结合大量的汉语缩略现象,提出了汉语缩略规范的初步方案。附录归集了本书所用语料、《100年汉语新词新语大辞典》中的缩略语料等汉语缩略实际用例。全书从理论和实践结合的角度,对汉语规范以及当今汉语缩略词语的规范作了深入研究。
606 0  @a现代汉语@Axian dai han yu@x缩略语@x研究
690    @aH136.6@v5
701  0 @a俞理明@Ayu li ming@4著
801  0 @aCN@b百万庄@c20210927
905    @b1302155-58@dH136.6@e395@f4
    
    汉语缩略规范研究/俞理明...[等]著.-成都:四川大学出版社,2021.4
    282页:图;24cm
    国家语委“十二五”科研规划2015年度重点项目“词语缩略规范研究”
    
    ISBN 978-7-5690-2875-1:CNY82.00
    本书为语言学领域学术著作,分上下两编,分别是“汉语规范简论”“汉语缩略及其规范”。上编就汉语规范的一些基本认识问题作了探讨,分别是语言的特点、语用的需求、语言内部的差异、汉语规范中的社会群体关系、语言的任意性与语言规范、规范的含义及指定、语言规范的推行。下编从缩略的基本性质和它的特点入手,结合大量的汉语缩略现象,提出了汉语缩略规范的初步方案。附录归集了本书所用语料、《100年汉语新词新语大辞典》中的缩略语料等汉语缩略实际用例。全书从理论和实践结合的角度,对汉语规范以及当今汉语缩略词语的规范作了深入研究。
●
相关链接 在E读中查询图书 在五车中查询图书 在当当中查询图书 在豆瓣中查询图书


正题名:汉语缩略规范研究     索取号:H136.6/395         预约/预借

序号 登录号 条形码 馆藏地/架位号 状态 备注
1 1302155   213021558   第二样本阅览室/ [索取号:H136.6/395] 在馆    
2 1302156   213021567   第四借阅区/ [索取号:H136.6/395] 在馆    
3 1302157   213021576   第四借阅区/ [索取号:H136.6/395] 在馆    
4 1302158   213021585   第四借阅区/ [索取号:H136.6/395] 在馆    
唐山师范学院图书馆 欢迎您!
大连网信软件有限公司© 版权所有